000 00507nac a22001811ca4500
001 a75409
008 170707s2004 gw |||| 000u rus d
041 _arus
100 1 _aWortman, Richard S.
240 1 0 _aScenarios of Power : Myth and ceremony in Russian monarchy
245 0 0 _aScenarii vlasti :
_bMify i ceremonii russkoj monarchii /
_cRičard S. Uortman
264 _aMoskva :
_bOGI,
_c2004
300 _a2 Bände
942 _cMG
040 _cRU-10907106
003 RU-10907106
999 _c45146
_d45146